[Event "2nd American Continental"]
[Site "Buenos Aires ARG"]
[Date "2003.08.18"]
[Round "2"]
[White "Lemos, Damian"]
[Black "Echeguren, Gustavo"]
[Result "1/2-1/2"]
[WhiteElo "2206"]
[BlackElo "2091"]
[EventDate "2003.08.17"]
[PlyCount "92"]

1.d4 Nf6 2.Nf3 d5 3.c4 e6 4.Nc3 c6 5.Bg5 h6 6.Bh4 Be7 7.e3 b6 8.cxd5 exd5 
9.Ne5 O-O 10.Bd3 c5 11.Rc1 Bb7 12.O-O Ne4 13.Bxe7 Qxe7 14.Nxe4 dxe4 15.Bc4
Kh7 16.Qg4 Nc6 17.Qxe4+ f5 18.Qf4 Nxe5 19.Qxe5 Qg5 20.Qg3 Qxg3 21.hxg3 
cxd4 22.exd4 Rad8 23.Rfd1 Rfe8 24.Bd3 Be4 25.Bxe4 Rxe4 26.d5 Re7 27.Rd4 
Red7 28.Rcd1 Kg6 29.Kf1 Kf6 30.Ke2 Re8+ 31.Kd3 Rc8 32.b4 b5 33.Re1 Rd6 34.
a3 g5 35.a4 bxa4 36.Ra1 a6 37.Rxa4 Rc1 38.Ra3 Rd1+ 39.Ke3 Re1+ 40.Kd2 Rf1 
41.Ke2 Rc1 42.Rad3 Rc2+ 43.Ke3 Rc8 44.Rd2 Rc3+ 45.R4d3 Rc4 46.Rd4 Rc3+ 
1/2-1/2

[Event "2nd American Continental"]
[Site "Buenos Aires ARG"]
[Date "2003.08.18"]
[Round "2"]
[White "Llanos, Guillermo"]
[Black "Ivanov, Alexander"]
[Result "0-1"]
[WhiteElo "2398"]
[BlackElo "2538"]
[EventDate "2003.08.17"]
[PlyCount "54"]

1.d4 b6 2.c4 e6 3.Nc3 Bb7 4.e4 Bb4 5.f3 f5 6.exf5 exf5 7.Be3 Qe7 8.Qe2 Nc6
9.Bf2 O-O-O 10.Qxe7 Bxc3+ 11.bxc3 Ngxe7 12.Nh3 Ba6 13.O-O-O Na5 14.c5 Bxf1
15.Rhxf1 Nd5 16.Rd2 Rde8 17.Re1 Rxe1+ 18.Bxe1 Re8 19.Bf2 Nc4 20.Rc2 Na3 
21.Rd2 b5 22.Bg3 Re3 23.Nf4 Rxc3+ 24.Kd1 Ne3+ 25.Ke2 Nac4 26.Bf2 g5 27.Nd3
Nxg2 0-1

[Event "2nd American Continental"]
[Site "Buenos Aires ARG"]
[Date "2003.08.18"]
[Round "2"]
[White "Lo Presti, Roberto"]
[Black "Aguilar, Andres"]
[Result "0-1"]
[WhiteElo "2042"]
[BlackElo "2204"]
[EventDate "2003.08.17"]
[PlyCount "76"]

1.e4 c5 2.Nf3 Nc6 3.d4 cxd4 4.Nxd4 Nf6 5.Nc3 e5 6.Ndb5 d6 7.Bg5 a6 8.Na3 
b5 9.Bxf6 gxf6 10.Nd5 f5 11.c3 Bg7 12.exf5 Bxf5 13.Nc2 O-O 14.Nce3 Be6 15.
Bd3 f5 16.Qh5 e4 17.Bc2 Rb8 18.Nf4 Bc4 19.Nxf5 Qf6 20.Bxe4 Qe5 21.Nxd6 
Rxf4 22.Qxh7+ Kf8 23.O-O-O b4 24.Nxc4 Qxe4 25.Qxe4 Rxe4 26.Nd6 Rg4 27.g3 
bxc3 28.bxc3 Ra4 29.Rd2 Bxc3 30.Rc2 Nd4 31.Rxc3 Rxa2 32.Re1 Ra1+ 33.Kd2 
Rb2+ 34.Kd3 Rxe1 35.Kxd4 Rd2+ 36.Kc5 Re5+ 37.Kc6 Re6 38.Rf3+ Kg8 0-1

[Event "2nd American Continental"]
[Site "Buenos Aires ARG"]
[Date "2003.08.18"]
[Round "2"]
[White "Luconi, Cristian"]
[Black "Romero, Leandro"]
[Result "1-0"]
[WhiteElo "2115"]
[BlackElo "2096"]
[EventDate "2003.08.17"]
[PlyCount "43"]

1.d4 Nf6 2.Nf3 d5 3.Bf4 e6 4.Nbd2 c5 5.e3 Nc6 6.c3 Bd6 7.Bg3 O-O 8.Bd3 Re8
9.Ne5 cxd4 10.exd4 Bxe5 11.dxe5 Nd7 12.Qe2 Nc5 13.Bb1 d4 14.O-O f6 15.exf6
g6 16.Bh4 Qc7 17.Nf3 dxc3 18.bxc3 e5 19.Ng5 Be6 20.Qe3 Nd7 21.Nxh7 Kxh7 
22.Bxg6+ 1-0

[Event "2nd American Continental"]
[Site "Buenos Aires ARG"]
[Date "2003.08.18"]
[Round "2"]
[White "Lujan, Carolina"]
[Black "Soppe, Guillermo"]
[Result "0-1"]
[WhiteElo "2263"]
[BlackElo "2467"]
[EventDate "2003.08.17"]
[PlyCount "58"]

1.e4 c6 2.d4 d5 3.exd5 cxd5 4.c4 Nf6 5.Nc3 g6 6.Nf3 Bg7 7.Bg5 Be6 8.Be2 
dxc4 9.Ne5 Nc6 10.Nxc6 bxc6 11.Qa4 O-O 12.Rd1 Nd5 13.O-O Qc7 14.Qa3 Nf6 
15.Qa6 Rab8 16.Bxc4 Ng4 17.g3 Rxb2 18.Bxe6 fxe6 19.Ne4 Qd7 20.Qa3 Re2 21.
Bxe7 Rxe4 22.Bxf8 Bxf8 23.Qd3 Qd5 24.h3 Nh6 25.Qa6 Nf5 26.Qxa7 Re2 27.Rd3 
Rxa2 28.Qb6 e5 29.Qc7 Nxd4 0-1

[Event "2nd American Continental"]
[Site "Buenos Aires ARG"]
[Date "2003.08.18"]
[Round "2"]
[White "Mahia, Gustavo"]
[Black "Slipak, Sergio David"]
[Result "1/2-1/2"]
[WhiteElo "2377"]
[BlackElo "2497"]
[EventDate "2003.08.17"]
[PlyCount "49"]

1.e4 c6 2.d4 d5 3.e5 Bf5 4.Nc3 e6 5.g4 Bg6 6.Nge2 Be7 7.Bg2 Nd7 8.Be3 Bg5 
9.h4 Bxe3 10.fxe3 f6 11.Nf4 Bf7 12.exf6 gxf6 13.Qe2 Qa5 14.O-O-O O-O-O 15.
g5 e5 16.Nd3 e4 17.Nf4 fxg5 18.hxg5 Ne7 19.Bh3 Kb8 20.Qh2 Ka8 21.Bxd7 Rxd7
22.Rdf1 Qd8 23.Nd3 exd3 24.Rxf7 Ng6 25.Rxd7 1/2-1/2

[Event "2nd American Continental"]
[Site "Buenos Aires ARG"]
[Date "2003.08.18"]
[Round "2"]
[White "Malbran, Guillermo"]
[Black "Burijovich, Liliana"]
[Result "1-0"]
[WhiteElo "2345"]
[BlackElo "2195"]
[EventDate "2003.08.17"]
[PlyCount "125"]

1.e4 c5 2.Nf3 e6 3.Nc3 Nc6 4.Bb5 Nge7 5.d4 cxd4 6.Nxd4 a6 7.Nxc6 Nxc6 8.
Bxc6 bxc6 9.e5 d5 10.exd6 Bxd6 11.Ne4 Bb4+ 12.c3 Qxd1+ 13.Kxd1 Be7 14.Bf4 
O-O 15.Kc2 Rd8 16.Rad1 Rxd1 17.Rxd1 f6 18.Nd6 Bxd6 19.Rxd6 e5 20.Be3 Bf5+ 
21.Kb3 Rb8+ 22.Ka3 Rc8 23.Kb4 Rb8+ 24.Ka3 Rc8 25.c4 Kf7 26.Bc5 Be6 27.b3 
Bf5 28.Ka4 Ke8 29.Ka5 Bd7 30.Kxa6 Ra8+ 31.Ba7 c5 32.Kb7 Rc8 33.Rd5 Bf5 34.
Rxc5 Rxc5 35.Bxc5 Bb1 36.a4 Bc2 37.a5 Bxb3 38.a6 Bxc4 39.g3 Kd7 40.a7 Ke6 
41.a8=Q Bd5+ 42.Kb8 Bxa8 43.Kxa8 Kd5 44.Bf8 g6 45.Bg7 f5 46.Kb7 f4 47.gxf4
exf4 48.f3 g5 49.Bf6 h6 50.h3 Ke6 51.Bg7 h5 52.Kc6 Kf5 53.Kd5 g4 54.h4 
gxf3 55.Bd4 Kg4 56.Bf2 Kh3 57.Ke4 Kg2 58.Be1 f2 59.Bxf2 Kxf2 60.Kxf4 Kg2 
61.Kg5 Kf3 62.Kxh5 Kf4 63.Kg6 1-0

[Event "2nd American Continental"]
[Site "Buenos Aires ARG"]
[Date "2003.08.18"]
[Round "2"]
[White "Manzone, Alessandro jr"]
[Black "Tempone, Marcelo"]
[Result "1/2-1/2"]
[WhiteElo "2119"]
[BlackElo "2437"]
[EventDate "2003.08.17"]
[PlyCount "76"]

1.d4 Nf6 2.c4 e6 3.Nc3 Bb4 4.g3 O-O 5.Bg2 Bxc3+ 6.bxc3 d6 7.Nf3 Nbd7 8.O-O
Re8 9.h3 Rb8 10.Bf4 a6 11.c5 Nd5 12.cxd6 Nxf4 13.gxf4 cxd6 14.Qd3 Nf6 15.
c4 Qc7 16.Rfc1 b6 17.Rc3 Bb7 18.Rac1 h6 19.e3 Be4 20.Qf1 Rec8 21.Nd2 Bh7 
22.Ra3 a5 23.Rac3 Qd7 24.Qd1 Bg6 25.Kh2 Qe7 26.a4 e5 27.fxe5 dxe5 28.d5 
Ne8 29.Nb3 Nd6 30.c5 bxc5 31.Rxc5 Rxc5 32.Rxc5 Qh4 33.Rc6 Qxf2 34.Rxd6 
Qxe3 35.Rxg6 fxg6 36.d6 Kh7 37.d7 Qf4+ 38.Kh1 Qxa4 1/2-1/2

[Event "2nd American Continental"]
[Site "Buenos Aires ARG"]
[Date "2003.08.18"]
[Round "2"]
[White "Marcolino, Daniel Mattos"]
[Black "Cerda Albornoz, Guillermo"]
[Result "0-1"]
[WhiteElo "2055"]
[BlackElo "2224"]
[EventDate "2003.08.17"]
[PlyCount "84"]

1.d4 Nf6 2.c4 c5 3.d5 b5 4.cxb5 a6 5.bxa6 Bxa6 6.Nc3 g6 7.f4 Bg7 8.Nf3 d6 
9.e4 Bxf1 10.Rxf1 O-O 11.h3 Na6 12.Qe2 Nb4 13.a3 Nh5 14.Kf2 c4 15.g3 Nd3+ 
16.Kg2 Rb8 17.Ne1 Bxc3 18.bxc3 Nxc1 19.Rxc1 Qa5 20.Nf3 Qxa3 21.Nd4 Rb2 22.
Rc2 Rfb8 23.Qxc4 Rxc2+ 24.Nxc2 Qb2 25.Rf2 Qc1 26.Nb4 Ra8 27.Na6 Qe3 28.Rf3
Qb6 29.Nb4 Ra1 30.Qd4 Qb5 31.Nc2 Rc1 32.Ne3 Qe2+ 33.Rf2 Qe1 34.Nf1 Rxc3 
35.e5 Qa1 36.Qb4 Qa3 37.Qxa3 Rxa3 38.g4 Ng7 39.exd6 exd6 40.Rb2 Kf8 41.
Rb8+ Ne8 42.Nd2 Ra2 0-1

[Event "2nd American Continental"]
[Site "Buenos Aires ARG"]
[Date "2003.08.18"]
[Round "2"]
[White "Martinez Garcia, Jose Joaquin"]
[Black "Whatley, Andrew"]
[Result "0-1"]
[WhiteElo "2172"]
[BlackElo "2323"]
[EventDate "2003.08.17"]
[PlyCount "46"]

1.d4 d5 2.c4 c6 3.Nc3 Nf6 4.Nf3 dxc4 5.e3 b5 6.a4 b4 7.Na2 e6 8.Bxc4 Nbd7 
9.O-O Be7 10.Bd2 a5 11.Nc1 O-O 12.Be2 c5 13.Nb3 Bb7 14.dxc5 Nxc5 15.Nbd4 
Nfe4 16.Bc4 Bf6 17.Bc1 Rc8 18.Qe2 Nd6 19.b3 Nxc4 20.bxc4 Bxf3 21.Qxf3 e5 
22.Bb2 exd4 23.exd4 Ne6 0-1

[Event "2nd American Continental"]
[Site "Buenos Aires ARG"]
[Date "2003.08.18"]
[Round "2"]
[White "Monier, Raul"]
[Black "Gulko, Boris"]
[Result "1/2-1/2"]
[WhiteElo "2405"]
[BlackElo "2583"]
[EventDate "2003.08.17"]
[PlyCount "137"]

1.d4 d6 2.Nf3 Bg4 3.e4 Nf6 4.Nc3 e6 5.Be2 Be7 6.O-O O-O 7.d5 e5 8.Be3 c6 
9.Nd2 Bxe2 10.Qxe2 cxd5 11.exd5 Nbd7 12.Nc4 Ne8 13.a4 Bg5 14.Nb5 Bxe3 15.
Qxe3 Ndf6 16.Qd3 a6 17.Nc3 Rc8 18.a5 Nd7 19.Na4 f5 20.f4 Qf6 21.Ncb6 Nxb6 
22.Nxb6 Rc7 23.c3 Re7 24.Rae1 exf4 25.Rxe7 Qxe7 26.Rxf4 g6 27.Rf1 Nf6 28.
Nc4 Rc8 29.Nb6 Re8 30.b4 Qe5 31.Nc4 Qxd5 32.Qxd5+ Nxd5 33.Nxd6 Re7 34.c4 
Nxb4 35.Rb1 Nd3 36.Nxb7 Rc7 37.Nd6 Rc5 38.Rd1 Ne5 39.Rd5 Rxd5 40.cxd5 Kf8 
41.Nb7 Ke7 42.Nc5 Kd6 43.Nxa6 Nc4 44.Kf2 Nxa5 45.Kf3 Nc4 46.Kf4 Kxd5 47.g4
fxg4 48.Kxg4 h6 49.Nc7+ Ke4 50.Ne6 Ne3+ 51.Kg3 Ke5 52.Nc5 Kf5 53.Nd3 h5 
54.h3 g5 55.Kf3 Nc4 56.Nf2 Nd6 57.Ke3 Nc4+ 58.Kf3 Nb6 59.Ke3 Nd5+ 60.Kf3 
Ke5 61.Nd3+ Kd4 62.Nf2 Nf6 63.h4 g4+ 64.Kf4 Nd5+ 65.Kg3 Nf6 66.Kf4 Kc3 67.
Nh1 Kd2 68.Ng3 Ke1 69.Nxh5 1/2-1/2

[Event "2nd American Continental"]
[Site "Buenos Aires ARG"]
[Date "2003.08.18"]
[Round "2"]
[White "Morgado, Juan Sebastian"]
[Black "Ustariz, Carlos"]
[Result "1-0"]
[WhiteElo "2275"]
[BlackElo "2130"]
[EventDate "2003.08.17"]
[PlyCount "65"]

1.e4 e6 2.d4 d5 3.Nc3 Bb4 4.e5 c5 5.a3 Bxc3+ 6.bxc3 Qc7 7.Nf3 Ne7 8.Be2 
O-O 9.O-O Bd7 10.a4 Qa5 11.Ba3 b6 12.Qd2 Nbc6 13.Rfb1 cxd4 14.Bb4 dxc3 15.
Bxc3 Qxc3 16.Qxc3 Rfc8 17.Ba6 Rc7 18.Nd4 Bc8 19.Nb5 Rd7 20.Bxc8 Rxc8 21.
Qe1 Ng6 22.c3 Ngxe5 23.a5 bxa5 24.Nd4 Nxd4 25.Qxe5 Nc6 26.Qe3 Rdc7 27.h3 
h6 28.Rb3 Kh8 29.Rab1 a4 30.Rb7 a3 31.Rxc7 Rxc7 32.Qc5 a2 33.Ra1 1-0

[Event "2nd American Continental"]
[Site "Buenos Aires ARG"]
[Date "2003.08.18"]
[Round "2"]
[White "Morinongeli, Martin"]
[Black "De Dovitiis, Alejo"]
[Result "0-1"]
[WhiteElo "2143"]
[BlackElo "2401"]
[EventDate "2003.08.17"]
[PlyCount "77"]

1.d4 Nf6 2.c4 c5 3.d5 g6 4.Nc3 Bg7 5.e4 d6 6.Bg5 O-O 7.Qd2 b5 8.cxb5 a6 9.
bxa6 Qa5 10.Bd3 Nbd7 11.Nf3 Bxa6 12.O-O Rfb8 13.Rab1 Ra7 14.Rfc1 Bxd3 15.
Qxd3 Ng4 16.Qe2 Rab7 17.Nd2 h5 18.Nc4 Qa6 19.b3 Bd4 20.Bh4 Nb6 21.Nxb6 
Qxb6 22.h3 Ne5 23.Kh1 Qa5 24.Qc2 Bxc3 25.Qxc3 Qxa2 26.f4 Rxb3 27.Rxb3 Rxb3
28.Qa1 Qxa1 29.Rxa1 Nd3 30.Bxe7 Nf2+ 31.Kh2 Nxe4 32.Ra6 Rd3 33.Bxd6 Rxd5 
34.Ra8+ Kg7 35.Be5+ f6 36.Ra7+ Kg8 37.Ba1 h4 38.Rc7 Rd1 39.Rc8+ 0-1

[Event "2nd American Continental"]
[Site "Buenos Aires ARG"]
[Date "2003.08.18"]
[Round "2"]
[White "Needleman, Gaston"]
[Black "Claverie, Raul"]
[Result "0-1"]
[WhiteElo "2155"]
[BlackElo "2303"]
[EventDate "2003.08.17"]
[PlyCount "118"]

1.e4 e6 2.d4 d5 3.Nd2 c5 4.Ngf3 Nf6 5.e5 Nfd7 6.c3 Nc6 7.Bd3 cxd4 8.cxd4 
Qb6 9.O-O Be7 10.Nb3 a5 11.Bg5 a4 12.Bxe7 Nxe7 13.Nc1 Qxb2 14.Rb1 Qa3 15.
Qd2 Nc6 16.Ne2 Qe7 17.Nc3 f5 18.Bxf5 exf5 19.Nxd5 Qd8 20.Ng5 Qa5 21.Nc7+ 
Ke7 22.Qe3 Qxc7 23.Qa3+ Nc5 24.Qxc5+ Ke8 25.f4 Ra5 26.Rb5 h6 27.Nf3 Rxb5 
28.Qxb5 Qa5 29.Qc4 Qb4 30.Qd3 Be6 31.Rb1 Qc4 32.Qxc4 Bxc4 33.Rxb7 Bxa2 34.
Rc7 Bd5 35.Rc8+ Nd8 36.Rc5 Bb3 37.d5 a3 38.Nd4 Ba2 39.Ra5 g6 40.d6 Rh7 41.
Rxa3 Bd5 42.Ra5 Be4 43.e6 Rb7 44.e7 Rb1+ 45.Kf2 Nf7 46.Ra6 Kd7 47.Ne6 Rb2+
48.Ke3 Rb3+ 49.Kf2 Rb2+ 50.Ke3 Nxd6 51.Nf8+ Kxe7 52.Nxg6+ Ke6 53.Ne5 Rb3+ 
54.Kd2 h5 55.Nc4 Rd3+ 56.Ke2 Rd4 57.Ne5 Bxg2 58.Kf2 Rxf4+ 59.Kg3 Kxe5 0-1

[Event "2nd American Continental"]
[Site "Buenos Aires ARG"]
[Date "2003.08.18"]
[Round "2"]
[White "Novikov, Igor"]
[Black "Huertas Soris, Ramon"]
[Result "1-0"]
[WhiteElo "2598"]
[BlackElo "2288"]
[EventDate "2003.08.17"]
[PlyCount "81"]

1.d4 e6 2.c4 f5 3.g3 Nf6 4.Bg2 c6 5.Qc2 Be7 6.Nf3 O-O 7.O-O a5 8.Nc3 d5 9.
b3 Ne4 10.Na4 b5 11.Nb2 a4 12.Bf4 a3 13.Nd3 bxc4 14.bxc4 Ba6 15.c5 Nd7 16.
Nfe5 Bb5 17.Rfb1 Nxe5 18.Bxe5 Qa5 19.Nf4 Kf7 20.Bxe4 fxe4 21.f3 Qa4 22.Qd2
exf3 23.exf3 Bg5 24.Rb4 Qa5 25.Rab1 Kg8 26.Qe3 Ra7 27.h4 Bh6 28.Bd6 Re8 
29.R4b3 Qa4 30.Rc3 e5 31.Bxe5 Rf7 32.Rxa3 Bxf4 33.gxf4 Qc2 34.Rc1 Qg6+ 35.
Kf2 Qh5 36.Rh1 Rb7 37.Qd2 Qf5 38.h5 h6 39.Qb2 Ba6 40.Rb3 Rxb3 41.Qxb3 1-0

[Event "2nd American Continental"]
[Site "Buenos Aires ARG"]
[Date "2003.08.18"]
[Round "2"]
[White "Orsini, Antonio"]
[Black "Toloza Soto, Pablo"]
[Result "0-1"]
[WhiteElo "2181"]
[BlackElo "2374"]
[EventDate "2003.08.17"]
[PlyCount "52"]

1.e4 c5 2.Nf3 d6 3.d4 cxd4 4.Nxd4 Nf6 5.Nc3 a6 6.Be3 e5 7.Nb3 Be6 8.f4 Qc7
9.f5 Bc4 10.g4 h6 11.Qf3 Nbd7 12.O-O-O Rc8 13.Kb1 b5 14.a3 d5 15.exd5 Bxa3
16.Bc1 Bb4 17.Na2 Bd6 18.Bxc4 Qxc4 19.Rd2 Qxg4 20.Qxg4 Nxg4 21.Rg1 Ne3 22.
Rf2 Nc4 23.Rxg7 Nf6 24.Nd2 Bf8 25.Nxc4 Rxc4 26.Rg1 Bc5 0-1

[Event "2nd American Continental"]
[Site "Buenos Aires ARG"]
[Date "2003.08.18"]
[Round "2"]
[White "Pedro, Fernando"]
[Black "Iregui, Victor"]
[Result "1-0"]
[WhiteElo "2273"]
[BlackElo "2151"]
[EventDate "2003.08.17"]
[PlyCount "73"]

1.e4 c5 2.Nf3 Nc6 3.d4 cxd4 4.Nxd4 Nf6 5.Nc3 e5 6.Ndb5 d6 7.Nd5 Nxd5 8.
exd5 Ne7 9.c3 Nf5 10.a4 Be7 11.Bd3 a6 12.Na3 O-O 13.O-O g6 14.Nc4 Ng7 15.
f4 f5 16.fxe5 dxe5 17.Nxe5 Bd6 18.Re1 Qc7 19.Nf3 f4 20.c4 Bc5+ 21.Kh1 Bf5 
22.b3 Nh5 23.Bb2 Bg4 24.Be5 Qd7 25.Be4 Rae8 26.d6 Be3 27.Qd5+ Be6 28.Qxb7 
Qxb7 29.Bxb7 a5 30.Bc6 Rb8 31.Ng5 Rf5 32.Nf3 Ng3+ 33.hxg3 Rh5+ 34.Nh2 g5 
35.d7 Bf2 36.Bxb8 Bxg3 37.d8=Q+ 1-0

[Event "2nd American Continental"]
[Site "Buenos Aires ARG"]
[Date "2003.08.18"]
[Round "2"]
[White "Perdomo, Leandro"]
[Black "Bentancor, Franco German"]
[Result "1-0"]
[WhiteElo "2304"]
[BlackElo "2177"]
[EventDate "2003.08.17"]
[PlyCount "87"]

1.d4 d6 2.c4 e5 3.Nf3 e4 4.Ng5 f5 5.Nc3 Be7 6.Nh3 Nf6 7.g3 c6 8.Bg2 O-O 9.
O-O Kh8 10.d5 Nbd7 11.f3 exf3 12.exf3 Ne5 13.b3 Bd7 14.Nf4 g5 15.Nd3 Ng6 
16.dxc6 bxc6 17.Bxg5 d5 18.cxd5 Nxd5 19.Bxe7 Qxe7 20.Nxd5 cxd5 21.Re1 Qd6 
22.f4 d4 23.Ne5 Rad8 24.Qd3 Bc8 25.Nc6 Rd7 26.Rad1 Bb7 27.Ne5 Ba6 28.Qf3 
Bb7 29.Qf2 Bxg2 30.Nxd7 Qxd7 31.Rxd4 Bd5 32.Red1 Ne7 33.Rxd5 Nxd5 34.Qd4+ 
Rf6 35.Qxd5 Qxd5 36.Rxd5 Rf7 37.Kf2 Kg7 38.Ke3 Kg6 39.Rd6+ Kh5 40.h3 Re7+ 
41.Kd2 Rg7 42.Rd3 Rc7 43.Rd5 Rf7 44.Rxf5+ 1-0

[Event "2nd American Continental"]
[Site "Buenos Aires ARG"]
[Date "2003.08.18"]
[Round "2"]
[White "Rodi, Luis Ernesto"]
[Black "Lopez Rebert, Pablo"]
[Result "1/2-1/2"]
[WhiteElo "2221"]
[BlackElo "2116"]
[EventDate "2003.08.17"]
[PlyCount "135"]

1.e4 d5 2.exd5 Qxd5 3.Nc3 Qa5 4.Bc4 c5 5.Qf3 Nf6 6.Nge2 Nc6 7.O-O Ne5 8.
Bb5+ Qxb5 9.Nxb5 Nxf3+ 10.gxf3 Kd7 11.d4 a6 12.Nbc3 e6 13.dxc5 Bxc5 14.Be3
b6 15.Bxc5 bxc5 16.Ne4 Nxe4 17.fxe4 Bb7 18.f3 Rhd8 19.Rfd1+ Ke7 20.Kf2 Bc6
21.Nf4 c4 22.Ke3 a5 23.Rd2 Rab8 24.Rxd8 Rxd8 25.Ne2 a4 26.Nd4 Bd7 27.c3 e5
28.Nc2 Be6 29.Nb4 Kf6 30.a3 g5 31.Ke2 g4 32.fxg4 Bxg4+ 33.Ke3 Kg5 34.Rf1 
f6 35.Rg1 Kh4 36.Rf1 Rd6 37.Rf2 h5 38.Nd5 f5 39.Rd2 f4+ 40.Kf2 Rd7 41.Rc2 
Kh3 42.Nb6 Rg7 43.Rc1 Kxh2 44.Nxc4 Re7 45.Nd2 Rd7 46.Nf1+ Kh3 47.c4 Rd4 
48.Rc3+ Kh4 49.c5 Rxe4 50.Rc2 Rd4 51.c6 e4 52.c7 Bc8 53.Rc5 e3+ 54.Ke1 Bg4
55.Rc1 Bc8 56.Rc5 Re4 57.Nh2 f3 58.Nxf3+ Kg3 59.Ng1 h4 60.Rg5+ Rg4 61.Ne2+
Kf3 62.Rh5 Rc4 63.Rh7 h3 64.Ng1+ Kg2 65.Rg7+ Rg4 66.Rxg4+ Bxg4 67.Nxh3 Kf3
68.Ng5+ 1/2-1/2

[Event "2nd American Continental"]
[Site "Buenos Aires ARG"]
[Date "2003.08.18"]
[Round "2"]
[White "Rodriguez Vila, Andres"]
[Black "Leon Hoyos, Manuel"]
[Result "1-0"]
[WhiteElo "2485"]
[BlackElo "2281"]
[EventDate "2003.08.17"]
[PlyCount "53"]

1.e4 c5 2.Nf3 g6 3.d4 Bg7 4.Nc3 cxd4 5.Nxd4 Nc6 6.Nb3 Nf6 7.g4 d6 8.g5 Nd7
9.f4 h6 10.gxh6 Bxh6 11.Be3 Nde5 12.Be2 Bh3 13.Rg1 e6 14.Nb5 Qh4+ 15.Rg3 
Bxf4 16.Bxf4 Qxf4 17.Qxd6 Rc8 18.Qc5 Bg4 19.Nd6+ Kd7 20.Rxg4 Nxg4 21.Rd1 
Rxh2 22.Nxc8+ Kxc8 23.Qf8+ Kc7 24.Rd7+ Kxd7 25.Nc5+ Kc7 26.Nxe6+ fxe6 27.
Qxf4+ 1-0

[Event "2nd American Continental"]
[Site "Buenos Aires ARG"]
[Date "2003.08.18"]
[Round "2"]
[White "Rosito, Jorge"]
[Black "Kaidanov, Gregory"]
[Result "1-0"]
[WhiteElo "2426"]
[BlackElo "2638"]
[EventDate "2003.08.17"]
[PlyCount "145"]

1.e4 e6 2.d3 d5 3.Qe2 Nc6 4.Nf3 e5 5.exd5 Qxd5 6.Nc3 Bb4 7.Bd2 Bxc3 8.Bxc3
Bg4 9.d4 O-O-O 10.dxe5 Nge7 11.Qc4 Bxf3 12.gxf3 Nxe5 13.Qxd5 Rxd5 14.Bg2 
N5g6 15.f4 Rdd8 16.Bxg7 Rhe8 17.Kf1 Nxf4 18.Bf3 Neg6 19.h4 h5 20.Re1 Rxe1+
21.Kxe1 Rd6 22.Bh6 b6 23.Bxf4 Nxf4 24.Rg1 Kd7 25.Rg5 Ke7 26.Bxh5 Rh6 27.
Bf3 Rxh4 28.Kd2 Kf6 29.Rg8 Ne6 30.c3 Ke5 31.Ke3 a5 32.Re8 Rh3 33.Rg8 Kf5 
34.Rg3 Rh4 35.Bd1 Ke5 36.Bb3 f5 37.Rg6 Rh3+ 38.Kd2 Nf4 39.Rc6 Rd3+ 40.Ke1 
Rd7 41.Bc2 Ne6 42.Bb3 Ng5 43.Bd1 Ne4 44.Bf3 Nc5 45.Be2 Rh7 46.b4 axb4 47.
cxb4 Ne6 48.a4 Nd4 49.Rc3 c6 50.a5 b5 51.Bf1 Rg7 52.Re3+ Kf4 53.Kd2 Rg1 
54.Bd3 Nf3+ 55.Kc3 Ne5 56.Bc2 Rh1 57.Kd4 Rh6 58.Rxe5 Rd6+ 59.Kc5 Kxe5 60.
a6 Rd8 61.a7 Ra8 62.Kb6 f4 63.Kb7 Rf8 64.Kxc6 Kd4 65.Kxb5 Re8 66.Bb3 Rf8 
67.Kb6 Rh8 68.b5 f3 69.Kb7 Rh7+ 70.Ka6 Rh6+ 71.Ka5 Rh8 72.b6 Kc5 73.b7 1-0

[Event "2nd American Continental"]
[Site "Buenos Aires ARG"]
[Date "2003.08.18"]
[Round "2"]
[White "Sagalchik, Olga"]
[Black "Cruz Condori, Alfredo"]
[Result "0-1"]
[WhiteElo "2111"]
[BlackElo "2244"]
[EventDate "2003.08.17"]
[PlyCount "88"]

1.d4 Nf6 2.c4 e6 3.Nc3 d5 4.e3 Nbd7 5.Bd3 c6 6.cxd5 exd5 7.Nge2 a6 8.a4 
Bd6 9.f3 c5 10.Bd2 O-O 11.Rc1 Re8 12.Bb1 Nf8 13.O-O Qb6 14.Kh1 Bd7 15.Ba2 
Bc6 16.Qb3 Qa7 17.dxc5 Bxc5 18.e4 b6 19.Ng3 d4 20.Nd5 Bxd5 21.exd5 Re5 22.
Qd3 a5 23.Bf4 Ree8 24.Bg5 N8d7 25.Nf5 Ne5 26.Qb3 Qd7 27.Nh6+ gxh6 28.Bxf6 
Qf5 29.Bh4 Ng6 30.Bb1 Qd7 31.Bf6 Qd6 32.Bxg6 hxg6 33.Bh4 Re5 34.Rfe1 Rh5 
35.Re4 g5 36.Rg4 Rxh4 37.Rxh4 gxh4 38.Re1 Rd8 39.Re4 f5 40.Rxh4 Qxd5 41.
Qd3 Re8 42.g4 Re3 43.Qxf5 Qxf5 44.gxf5 d3 0-1

[Event "2nd American Continental"]
[Site "Buenos Aires ARG"]
[Date "2003.08.18"]
[Round "2"]
[White "Scarella, Enrique Alejandro"]
[Black "Sagalchik, Gennady"]
[Result "1/2-1/2"]
[WhiteElo "2374"]
[BlackElo "2491"]
[EventDate "2003.08.17"]
[PlyCount "40"]

1.d4 d5 2.c4 e5 3.dxe5 d4 4.Nf3 Nc6 5.g3 Be6 6.Nbd2 Bb4 7.Qc2 Nge7 8.a3 
Bf5 9.Qa4 Bxd2+ 10.Bxd2 Qd7 11.Bg5 h6 12.Bxe7 Qxe7 13.Bg2 O-O-O 14.O-O Kb8
15.Rfd1 Be4 16.Rac1 h5 17.h4 Bxf3 18.exf3 Nxe5 19.f4 Ng4 20.Qb5 c5 1/2-1/2

[Event "2nd American Continental"]
[Site "Buenos Aires ARG"]
[Date "2003.08.18"]
[Round "2"]
[White "Szmetan, Jorge"]
[Black "Milos, Gilberto"]
[Result "0-1"]
[WhiteElo "2408"]
[BlackElo "2592"]
[EventDate "2003.08.17"]
[PlyCount "94"]

1.Nf3 Nf6 2.c4 e6 3.d4 Bb4+ 4.Nbd2 b6 5.g3 Bb7 6.Bg2 O-O 7.O-O a5 8.Qc2 
Bxd2 9.Bxd2 Be4 10.Qc1 Nc6 11.Bc3 d5 12.b3 a4 13.Rd1 axb3 14.axb3 Rxa1 15.
Bxa1 Qa8 16.Bb2 Na5 17.Qc3 Rd8 18.Ra1 Qb7 19.Bf1 Nc6 20.Rc1 Bxf3 21.Qxf3 
Ne4 22.cxd5 exd5 23.Qf4 Rd6 24.f3 Nf6 25.Bh3 Na5 26.Qe3 c6 27.Ba3 Rd8 28.
Qd3 Qc7 29.Qc3 Re8 30.Kf2 h5 31.Bb4 h4 32.Bxa5 bxa5 33.Qd2 g6 34.Qf4 Qe7 
35.Bf1 Nh5 36.Qd2 hxg3+ 37.hxg3 Qd6 38.Qg5 Qb4 39.Rxc6 Qxd4+ 40.Kg2 Ng7 
41.Qf4 Qd1 42.g4 Ne6 43.Qc1 Qxb3 44.e3 a4 45.Ra6 Rb8 46.Kg3 Qb4 47.Bd3 Nc5
0-1

[Event "2nd American Continental"]
[Site "Buenos Aires ARG"]
[Date "2003.08.18"]
[Round "2"]
[White "Varela, Daniel"]
[Black "Ripari, Marcelo"]
[Result "1/2-1/2"]
[WhiteElo "2164"]
[BlackElo "2319"]
[EventDate "2003.08.17"]
[PlyCount "84"]

1.f4 c5 2.Nf3 g6 3.e4 Nc6 4.Bb5 Bg7 5.O-O Qc7 6.c3 e6 7.Qe2 Nge7 8.d3 O-O 
9.Qf2 d6 10.Ba4 f5 11.Qh4 h6 12.Bc2 b5 13.Kh1 Rb8 14.Nbd2 c4 15.a3 a5 16.
d4 b4 17.axb4 axb4 18.Re1 Bd7 19.Nf1 Rf7 20.Qg3 Na5 21.exf5 gxf5 22.Bd2 
Nb3 23.Rad1 Nxd2 24.Rxd2 bxc3 25.bxc3 Qa5 26.Nh4 Nd5 27.Bd1 Qxc3 28.Qf2 
Nf6 29.Ng3 d5 30.Ng6 Ne4 31.Nxe4 fxe4 32.Bh5 Be8 33.h3 Rf6 34.Ne7+ Kf8 35.
Bxe8 Kxe7 36.Bh5 Rb3 37.Ra2 Rb7 38.Rea1 Rf8 39.Ra7 Rb8 40.Qh4+ Bf6 41.Qg4 
Bxd4 42.Rxb7+ Rxb7 1/2-1/2

[Event "2nd American Continental"]
[Site "Buenos Aires ARG"]
[Date "2003.08.18"]
[Round "2"]
[White "Walsh, Hector"]
[Black "Roselli Mailhe, Bernardo"]
[Result "0-1"]
[WhiteElo "2156"]
[BlackElo "2440"]
[EventDate "2003.08.17"]
[PlyCount "70"]

1.e4 c5 2.Nf3 d6 3.d4 cxd4 4.Nxd4 Nf6 5.Nc3 g6 6.Be3 Bg7 7.f3 Nc6 8.Qd2 
O-O 9.Bc4 Bd7 10.O-O-O Qa5 11.Bb3 Rfc8 12.h4 h5 13.Kb1 Ne5 14.g4 hxg4 15.
Bh6 Nc4 16.Bxc4 Rxc4 17.Bxg7 Kxg7 18.h5 g5 19.fxg4 Rxc3 20.Qxc3 Qxc3 21.
bxc3 Nxg4 22.Rde1 Rh8 23.Re2 Ne5 24.Nf5+ Bxf5 25.exf5 Rh6 26.c4 b6 27.Rh3 
g4 28.Ra3 a5 29.c5 bxc5 30.Rxa5 Rxh5 31.a4 Rh8 32.Rxc5 dxc5 33.Rxe5 Kf6 
34.Rxc5 g3 35.Rc6+ Kxf5 0-1

[Event "2nd American Continental"]
[Site "Buenos Aires ARG"]
[Date "2003.08.18"]
[Round "2"]
[White "Zambrana, Oswaldo"]
[Black "Morovic Fernandez, Ivan"]
[Result "0-1"]
[WhiteElo "2404"]
[BlackElo "2573"]
[EventDate "2003.08.17"]
[PlyCount "64"]

1.e4 c5 2.Nf3 d6 3.d4 cxd4 4.Nxd4 Nf6 5.Nc3 Nc6 6.Bc4 Qb6 7.Nb3 e6 8.Bg5 
Ne5 9.Be2 Be7 10.O-O a6 11.a4 Qc7 12.f4 Ned7 13.Bf3 Rb8 14.a5 O-O 15.Qe2 
b5 16.axb6 Nxb6 17.e5 dxe5 18.fxe5 Nfd5 19.Nxd5 Nxd5 20.Bxd5 Bxg5 21.Bc4 
a5 22.Nxa5 Rxb2 23.Bd3 Rb4 24.Nc4 g6 25.Kh1 Be7 26.Rf4 Bb7 27.Raf1 Bd5 28.
h3 Ra4 29.Nd2 Rxf4 30.Rxf4 Bg5 31.Rf2 Bxd2 32.Qxd2 Qxe5 0-1

[Event "2nd American Continental"]
[Site "Buenos Aires ARG"]
[Date "2003.08.18"]
[Round "2"]
[White "Zapata, Alonso"]
[Black "Arambel, Sergio Javier"]
[Result "1/2-1/2"]
[WhiteElo "2543"]
[BlackElo "2245"]
[EventDate "2003.08.17"]
[PlyCount "103"]

1.e4 c5 2.Nf3 e6 3.d4 cxd4 4.Nxd4 a6 5.Bd3 Nc6 6.Nxc6 dxc6 7.O-O e5 8.Nd2 
Qc7 9.a4 Nf6 10.Qe2 Be6 11.Nc4 Bc5 12.Bg5 Nd7 13.a5 O-O 14.c3 h6 15.Bh4 
Rfe8 16.Rfd1 Nf8 17.Bg3 Ng6 18.Qh5 Bd7 19.Be2 Rad8 20.h3 Bf8 21.Bg4 Nf4 
22.Bxf4 exf4 23.Bxd7 Rxd7 24.Qf3 Rxd1+ 25.Rxd1 f6 26.Kf1 Qf7 27.b3 Qc7 28.
Qd3 Qe7 29.f3 Qc5 30.Qd7 Re7 31.Qf5 Qb5 32.Qxb5 axb5 33.Nb6 Rc7 34.Rd8 Kf7
35.Ke2 Bc5 36.b4 Bxb6 37.axb6 Re7 38.Kd3 Ke6 39.Kc2 Rd7 40.Rc8 Ke7 41.Rg8 
Kf7 42.Rb8 Ke7 43.c4 Kd6 44.c5+ Ke7 45.Kc3 Ke6 46.h4 Re7 47.h5 Rd7 48.Re8+
Kf7 49.Ra8 Ke6 50.Ra1 Ke5 51.Ra8 Ke6 52.Rb8 1/2-1/2